Business vision / (Record no. 2709)

MARC details
000 -LEADER
fixed length control field 00639nam a2200193 ar4500
001 - CONTROL NUMBER
control field 2711
005 - DATE AND TIME OF LATEST TRANSACTION
control field 20221127090545.0
008 - FIXED-LENGTH DATA ELEMENTS--GENERAL INFORMATION
fixed length control field 120104- xxka 00010|eng d
020 ## - INTERNATIONAL STANDARD BOOK NUMBER
International Standard Book Number 0194379817(workbk) :
Terms of availability SR27.00
020 ## - INTERNATIONAL STANDARD BOOK NUMBER
International Standard Book Number 0194379809(student bk) :
Terms of availability SR53.00
082 04 - DEWEY DECIMAL CLASSIFICATION NUMBER
Classification number 428.2402465
Item number W159 2002
100 1# - MAIN ENTRY--PERSONAL NAME
Personal name Wallwork, Adrian.
245 10 - TITLE STATEMENT
Title Business vision /
Statement of responsibility, etc. Adrian Wallwork.
260 ## - PUBLICATION, DISTRIBUTION, ETC.
Place of publication, distribution, etc. Oxford ;
-- New York :
Name of publisher, distributor, etc. Oxford University Press,
Date of publication, distribution, etc. 2002.
300 ## - PHYSICAL DESCRIPTION
Extent v. :
Other physical details ill. ;
Dimensions 28 cm.
440 #0 - SERIES STATEMENT/ADDED ENTRY--TITLE
Title Oxford business English.
650 #4 - SUBJECT ADDED ENTRY--TOPICAL TERM
Topical term or geographic name entry element English language
General subdivision Business English.
650 #4 - SUBJECT ADDED ENTRY--TOPICAL TERM
Topical term or geographic name entry element English language
Form subdivision Textbooks for foreign speakers.
Holdings
Withdrawn status Lost status Source of classification or shelving scheme Damaged status Not for loan Home library Current library Date acquired Total Checkouts Full call number Barcode Date last seen Copy number Price effective from Koha item type
              11/27/2022   428.2402465 W159 2002 1000000009235 11/27/2022 C1 11/27/2022 Book
              11/27/2022   428.2402465 W159 2002 1000000009234 11/27/2022 C2 11/27/2022 Book